| 000 | 01849nam a2200265 a 4500 | ||
|---|---|---|---|
| 001 | 82738 | ||
| 003 | BD-RjUL | ||
| 005 | 20240123113616.0 | ||
| 008 | 240123s2002 bg a|||| m||| 00| 0 ben d | ||
| 035 | _a(BD-RjUL)82738 | ||
| 040 |
_aBD-RjUL _bben / eng _cBD-RjUL _dBD-RjUL |
||
| 041 | _aben | ||
| 082 |
_223 _a297.64924 _bRAB 2002 |
||
| 100 |
_aরশিদ অর, মো. হারুন _911046 |
||
| 245 | 1 | 0 |
_aবাংলাদেশে খ্রীস্টান মিশনারীদের কর্মকান্ড : _bরাজশাহী জেলার আলোকে একটি পর্যালোচনা (১৯৪৭-১৯৯৭ খ্রী :) / _cমো. হারুন অর রশিদ ; _6তত্ত্বাবধায়ক : সুলতান আহমদ, এ. বি. এম. হোসেন |
| 260 |
_aরাজশাহী : _bইসলামের ইতিহাস ও সংস্কৃতি বিভাগ, রাজশাহী বিশ্ববিদ্যালয়, _c২০০২ |
||
| 300 |
_a[৬], ১৫২ পাতা : _bচিত্র ; _c২৯ সেমি. |
||
| 502 | _aথিসিস (এম. ফিল.) -- ইসলামের ইতিহাস ও সংস্কৃতি বিভাগ, রাজশাহী বিশ্ববিদ্যালয়, ২০০২ | ||
| 504 | _aনির্বাচিত গ্রন্থপঞ্জী : ১৩৪-১৪৪ | ||
| 650 |
_aইসলাম _v১৯৪৭-১৯৯৭ খ্রী : _zরাজশাহী জেলা _911047 |
||
| 650 |
_aIslam _v1947-1997 AD : _xRajshahi District _911048 |
||
| 700 |
_aআহমদ, সুলতান, তত্ত্বাবধায়ক _911049 |
||
| 700 |
_aহোসেন, এ. বি. এম. তত্ত্বাবধায়ক _911050 |
||
| 942 |
_2ddc _cTHE |
||
| 999 |
_c82738 _d82738 |
||